| 000 | 00587nam a22001817a 4500 | ||
|---|---|---|---|
| 999 |
_c185805 _d185805 |
||
| 005 | 20220210111649.0 | ||
| 010 | _aENG-131491 | ||
| 020 |
_a9788173055881 _c450.00 |
||
| 035 | _aEN-115023 | ||
| 037 | _bDBAD | ||
| 082 | _a934 | ||
| 100 | _aLal, B. B. | ||
| 245 |
_aTesting Ancient Indian Traditions On The Touchstone Of Archaeology/ _cB.B. Lal |
||
| 260 |
_aNew Delhi _bAryan Books International _c2017 |
||
| 270 |
_aPooja Apartments, 4B, Ansari Road _bNew Delhi _e110002 _maryanbooks@gmail.com |
||
| 300 |
_axi, 98p. _bIndex _c22cm(hbk) |
||
| 942 |
_2ddc _cEN _h934 _mLAL |
||